LEADER 03264nam 2200661 450 001 9910461041403321 005 20200520144314.0 010 $a0-8130-5569-5 035 $a(CKB)3710000000513327 035 $a(EBL)4103818 035 $a(SSID)ssj0001580790 035 $a(PQKBManifestationID)16258399 035 $a(PQKBTitleCode)TC0001580790 035 $a(PQKBWorkID)12570776 035 $a(PQKB)10546273 035 $a(MiAaPQ)EBC4103818 035 $a(OCoLC)933515584 035 $a(MdBmJHUP)muse51126 035 $a(Au-PeEL)EBL4103818 035 $a(CaPaEBR)ebr11121681 035 $a(CaONFJC)MIL875097 035 $a(OCoLC)930269833 035 $a(EXLCZ)993710000000513327 100 $a20160108h20162016 uy 0 101 0 $aeng 135 $aur|n|---||||| 181 $ctxt 182 $cc 183 $acr 200 00$aSite formation processes of submerged shipwrecks /$fedited by Matthew E. Keith ; contributors, Michael L. Brennan [and eighteen others] 210 1$aGainesville, Florida :$cUniversity Press of Florida,$d2016. 210 4$d©2016 215 $a1 online resource (289 p.) 225 1 $aCo-published with The Society for Historical Archaeology 300 $a"Co-published with The Society for Historical Archaeology." 311 $a0-8130-6162-8 320 $aIncludes bibliographical references at the end of each chapters and index. 327 $aPart I. Natural processes -- Part II. Cultural processes -- Part III. Site formation and heritage management. 330 $aIn this first volume to comprehensively catalogue the many physical and cultural processes affecting the development of shipwreck sites, Matthew Keith brings together experts in diverse fields such as geology, soil and wood chemistry, micro- and marine biology, and sediment dynamics. The case studies examine the natural and anthropogenic processes--corrosion and degradation, fishing and trawling--that contribute to the present condition of shipwreck sites. The contributors address the many factors that influence the formation and preservation of shipwreck sites: the materials from which the ship was built, the underwater environment, and subsequent events such as human activity, storms, and chemical reactions, and discuss the impact these varied and often overlapping events have on the archaeological record. Offering an in-depth analysis of emerging technologies and methods--acoustic positioning, computer modeling, and site reconstruction--this is essential reading for the research and preservation of submerged heritage sites. 410 0$aCo-published with The Society for Historical Archaeology 606 $aShipwrecks 606 $aUnderwater archaeology 606 $aExcavations (Archaeology) 608 $aElectronic books. 615 0$aShipwrecks. 615 0$aUnderwater archaeology. 615 0$aExcavations (Archaeology) 676 $a910.452 702 $aKeith$b Matthew E. 702 $aBrennan$b Michael L. 712 02$aSociety for Historical Archaeology, 801 0$bMiAaPQ 801 1$bMiAaPQ 801 2$bMiAaPQ 906 $aBOOK 912 $a9910461041403321 996 $aSite formation processes of submerged shipwrecks$92074484 997 $aUNINA LEADER 04043nam 2200673 a 450 001 9910782433203321 005 20200520144314.0 010 $a1-281-95954-5 010 $a9786611959548 010 $a0-226-14373-2 024 7 $a10.7208/9780226143736 035 $a(CKB)1000000000579718 035 $a(EBL)432159 035 $a(OCoLC)309295544 035 $a(SSID)ssj0000107860 035 $a(PQKBManifestationID)11137959 035 $a(PQKBTitleCode)TC0000107860 035 $a(PQKBWorkID)10016481 035 $a(PQKB)10021969 035 $a(StDuBDS)EDZ0000122945 035 $a(MiAaPQ)EBC432159 035 $a(DE-B1597)524119 035 $a(OCoLC)467158603 035 $a(DE-B1597)9780226143736 035 $a(Au-PeEL)EBL432159 035 $a(CaPaEBR)ebr10266011 035 $a(CaONFJC)MIL195954 035 $a(EXLCZ)991000000000579718 100 $a20080225d2008 uy 0 101 0 $aeng 135 $aur|n|---||||| 181 $ctxt 182 $cc 183 $acr 200 10$aAutobiography and other writings$b[electronic resource] /$fAna de San Bartolome? ; edited and translated by Darcy Donahue 210 $aChicago $cUniversity of Chicago Press$d2008 215 $a1 online resource (196 p.) 225 1 $aThe other voice in early modern Europe 300 $aTranslated from the Spanish. 311 $a0-226-14372-4 311 $a0-226-14371-6 320 $aIncludes bibliographical references and index. 327 $tFrontmatter -- $tContents -- $tAcknowledgments -- $tSeries Editors' Introduction -- $tVolume Editor's Introduction -- $tVolume Editor's Bibliography -- $tNote on Translation -- $tAutobiography of Ana de San Bartolomé -- $tAppendix A. "An Account of the Foundation at Burgos" -- $tAppendix B. "Prayer in Abandonment" (1607) -- $tAppendix C. Spiritual Lectures (Pontoise, July 1605) -- $tAppendix D. Chronology of the Life of Ana de San Bartolomé -- $tSeries Editors' Bibliography -- $tIndex 330 $aAna de San Bartolomé (1549-1626), a contemporary and close associate of St. Teresa of Ávila, typifies the curious blend of religious activism and spiritual forcefulness that characterized the first generation of Discalced, or reformed Carmelites. Known for their austerity and ethics, their convents quickly spread throughout Spain and, under Ana's guidance, also to France and the Low Countries. Constantly embroiled in disputes with her male superiors, Ana quickly became the most vocal and visible of these mystical women and the most fearless of the guardians of the Carmelite Constitution, especially after Teresa's death. Her autobiography, clearly inseparable from her religious vocation, expresses the tensions and conflicts that often accompanied the lives of women whose relationship to the divine endowed them with an authority at odds with the temporary powers of church and state. Last translated into English in 1916, Ana's writings give modern readers fascinating insights into the nature of monastic life during the highly charged religious and political climate of late-sixteenth- and early-seventeenth-century Spain. 410 0$aOther voice in early modern Europe. 606 $aNuns$zBelgium$zAntwerp$vBiography 610 $ast teresa of avila, ana de san bartolome, religious activism, discalced, reformed carmelites, convent, ethics, austerity, poverty, virtue, piety, worship, devotion, religion, spirituality, christianity, catholicism, cloister, nunnery, nuns, saint, low countries, france, spain, mysticism, mystic women, gender, authority, power, carmelite constitution, vocation, biography, autobiography, memoir, nonfiction, monastic life. 615 0$aNuns 676 $a271/.97102 676 $aB 700 $aAnne of St. Bartholomew$cMother,$f1550-1626.$01584465 701 $aDonahue$b Darcy$01584466 801 0$bMiAaPQ 801 1$bMiAaPQ 801 2$bMiAaPQ 906 $aBOOK 912 $a9910782433203321 996 $aAutobiography and other writings$93868300 997 $aUNINA